00520 2200181 4500001002100000005001500021035002000036245008900056100001700145260004100162300002800203020002200231084001400253082000800267650001000275008004100285990001200326INLIS00000000000272720251007090634 a0010-09250000741 aTips & Trik Belajar Berwirausaha Bagi Siswa Juga Bisa Jadi Pengusaha /cWulan Ayodya aWulan Ayodya aJakarta :bEsensi Erlangga Group,c- a704 ;c(!2,5 x 19,5 cm) a978-979-075-917-6 a600 WUL t a600 4aFiksi251007 0  a0754929